Statistics for Countries Closest to Bosnia and Herzegovina - One Minute Sprint

Click here to take the quiz!

General Stats

  • This quiz has been taken 231 times
  • The average score is 15 of 20

Answer Stats

kmcountrymiles% Correct
0Croatia0
98%
0Serbia0
97%
0Montenegro0
94%
45Slovenia28
94%
94Albania59
87%
282Greece175
85%
221Bulgaria137
84%
153Italy95
84%
129Romania80
84%
68Hungary42
83%
96Kosovo60
82%
162Austria100
79%
282Slovakia175
75%
196Macedonia122
70%
372Czechia231
63%
331Germany206
61%
271San Marino169
53%
438Switzerland272
53%
400Vatican City249
51%
436Ukraine271
43%

Score Distribution

Percentile by Number Answered

Percent of People with Each Score

Your Score History

You have not taken this quiz